Methodology of research (Record no. 30854)

MARC details
000 -LEADER
fixed length control field 00435nam a2200169Ia 4500
008 - FIXED-LENGTH DATA ELEMENTS--GENERAL INFORMATION
fixed length control field 230917s9999||||xx |||||||||||||| ||und||
020 ## - ISBN
Price RS1695
040 ## - CATALOGING SOURCE
-- 255075
Original cataloging agency VIVEKANANDA LIBRARY
041 ## - Language
-- English
082 ## - DDC NUMBER
Classification number 300.072 R51M
100 ## - MAIN ENTRY--PERSONAL NAME
Personal name Rita
245 #0 - TITLE STATEMENT
Title Methodology of research
260 ## - PUBLICATION, DISTRIBUTION, ETC. (IMPRINT)
Place of publication, distribution, etc New Delhi
Name of publisher, distributor, etc Shri Sai Printographers
Date of publication, distribution, etc 2017
300 ## - PHYSICAL DESCRIPTION
Pages 288 p.
500 ## - GENERAL NOTE
General note 3446 11/03/2019 FP19/169 18/03/2019 UGC Grant
942 ## - ADDED ENTRY ELEMENTS (KOHA)
Koha item type Books
Holdings
Withdrawn status Lost status Damaged status Not for loan Location (home branch) Sublocation or collection (holding branch) Date acquired Koha issues (times borrowed) Koha full call number Accession No. Koha date last seen Koha item type
        VIVEKANANDA LIBRARY VIVEKANANDA LIBRARY 09/04/2019   300.072 R51M 388321 17/09/2023 Books
© Designed and Maintained by Vivekananda Library, MDU Rohtak